|
|
|
|
| LEADER |
00848nam a2200229 a 4500 |
| 001 |
16514 |
| 003 |
BD-DhAAL |
| 008 |
090406s2004 enk b 001 0 eng d |
| 999 |
|
|
|c 102
|d 102
|
| 020 |
|
|
|a 1851683380
|
| 040 |
|
|
|a EMU
|c EMU
|d UKM
|d DGW
|d OrLoB-B
|d BD-DhAAL
|
| 082 |
0 |
4 |
|a 149.97
|2 22
|
| 100 |
1 |
|
|a Hart, Kevin,
|d 1954-
|9 41274
|
| 245 |
1 |
0 |
|a Postmodernism :
|b a beginners guide /
|c Kevin Hart.
|
| 260 |
|
|
|a Oxford :
|b Oneworld,
|c c2004.
|
| 300 |
|
|
|a x, 179 pages ;
|c 22 cm.
|
| 504 |
|
|
|a Includes bibliographical references and index.
|
| 541 |
1 |
|
|e 00016514
|
| 650 |
0 |
|
|a Postmodernism.
|9 41275
|
| 852 |
|
|
|a Ayesha Abed Library
|j General Stacks
|
| 942 |
|
|
|2 ddc
|c BK
|
| 952 |
|
|
|0 0
|1 4
|2 ddc
|4 0
|6 149_970000000000000_HAR
|7 0
|9 94
|a BRACUL
|b BRACUL
|c GEN
|d 2009-04-28
|g 450.00
|l 0
|o 149.97 HAR
|p 3010016514
|r 2009-04-28
|t 1
|v 900.00
|w 2009-04-28
|y BK
|x Koha Inventory 2020
|